History Quiz

Random History Quiz

U.S. Historical Documents Quiz Stats

 Plays Quiz not verified by Sporcle

Score 0/15 Timer 05:00
0 Plays Today
Year Issued Document % Correct
1776Declaration of Independence
96.3%
1787Constitution
85%
1789Bill of Rights
78.1%
1777Articles Of Confederation
70.6%
1864Emancipation Proclamation
70.1%
1863Gettysburg Address
54.5%
1804Louisiana Purchase
53.5%
1620Mayflower Compact
51.3%
Year Issued Document % Correct
1783Treaty of Paris
48.7%
1823Monroe Doctrine
44.9%
1814Star Spangled Banner
42.2%
1892Pledge of Allegiance
37.4%
1788Federalist Papers
34.2%
1850Fugitive Slave Act
20.9%
1949North Atlantic Treaty
16%

You're not logged in!

Compare scores with friends on all Sporcle quizzes.
OR
Log In

Show Comments

Extras

Created Oct 29, 2010ReportNominate
Tags:document, issued, US History

Top Quizzes Today


Score Distribution

Your Account Isn't Verified!

In order to create a playlist on Sporcle, you need to verify the email address you used during registration. Go to your Sporcle Settings to finish the process.

Report this User

Report this user for behavior that violates our Community Guidelines.

Details: